| 000 | 00440nam a22001937a 4500 | ||
|---|---|---|---|
| 005 | 20230919175147.0 | ||
| 008 | 230919b |||||||| |||| 00| 0 eng d | ||
| 020 | _a9788131725153 | ||
| 082 |
_a658 _bHIT-M |
||
| 100 | _aHitt,Michael A. | ||
| 245 | _aManagement | ||
| 250 | _a2nd.ed. | ||
| 260 |
_aUSA _bPEARSON _c2009 |
||
| 300 | _a533 | ||
| 500 | _aInclude Index | ||
| 650 | _aManagement | ||
| 700 | _aMichael A.Hitt | ||
| 999 |
_c33650 _d33650 |
||